000 00489nam a2200193Ia 4500
005 20240319134523.0
008 131103s9999 xx 000 0 und d
020 _a140270523
040 _aLoreto College
041 _aEnglish
082 _a150
_bGHO
100 _aGhosh, Sumati
245 4 _aThe Penguin Guide to Adolescent Behaviour
_cSumati Ghosh
260 _aLondon
_bPenguin books
_c1999
300 _axxiv,277p.
650 _aPsychology
850 _aLCBED
942 _cBK
999 _c26773
_d77252